000 00658 a2200205 4500
999 _c183406
_d183406
005 20220124112202.0
010 _aENG-130596
020 _a978-93-89538-76-2
_c725.00
035 _aEN-114128
037 _bDBAD/PUB
082 _a332.63
100 _aFrancis, Jack Clark
245 _aInvestments:
_cJack Clark Francis, Richard W. Taylor
250 _a2nd Edition
260 _aChennai
_bMcGraw Hill Education(india) Private Limited
_c2022
270 _aAnjana Complex No.5 /90 A, Butt Road, St. Thomas Mount
_bChennai
_e600016
300 _a330p.
_c28cm (pbk)
700 _aTaylor, Richard W.
942 _adpl
_cEN
_2ddc
_h332.63
_mFRA